000 00845cab a2200265 4500
001 WB3247-29
008 090401t1996 xxu||||| |||| 00| 0 eng d
035 _a(Sirsi) u69418
041 _aeng
245 _aIllegal land sales clampdown
260 _c1996
350 _a0
490 _aEuroProperty
_v5(6) December/January 1996, (1)
520 _aThe EC has issued new requirements on the sale of publicly-owned land, following a series of cases in which local authorities have been investigated for offering illegal inducements on land sales. (see also WB3246-32)
650 _aACCEPTABLE BIDS
650 _aEUROPEAN COMMISSION
650 _aINDUCEMENTS
650 _aLAND SALES
650 _aLOCAL AUTHORITIES
650 _aMARKET VALUE
650 _aValuation
_96273
690 _aLAND
942 _n0
948 _c04/03/1997
999 _c43598
_d43598